[Event "New Delhi Parsvnath op 10th"]
[Site "New Delhi"]
[Date "2012.01.15"]
[Round "1"]
[White "Anwesh, Upadhyaya"]
[Black "Shishir, Kumar"]
[Result "1-0"]
[WhiteElo "2413"]
[BlackElo "1682"]
[PlyCount "111"]
[EventDate "2012.01.15"]
[EventType "swiss"]
[EventRounds "11"]
[EventCountry "IND"]
[SourceTitle "CBM 146 Extra"]
[Source "ChessBase"]
[SourceDate "2012.02.29"]
[SourceVersion "1"]
[SourceVersionDate "2012.02.29"]
[SourceQuality "1"]

1. c4 c5 2. g3 g6 3. Bg2 Bg7 4. Nc3 Nc6 5. Nf3 e6 6. d3 Nge7 7. Bg5 f6 8. Bd2 d6 9. a3 a5 10. 0-0 0-0 11. Ne1 Rb8 12. Rb1 b6 13. Nc2 Bb7 14. b4 axb4 15. axb4 Qd7 16. Nb5 Rfd8 17. Qc1 cxb4 18. Nxb4 Nxb4 19. Bxb4 Bxg2 20. Kxg2 Qc6+ 21. Kg1 Bf8 22. Qf4 Nf5 23. e4 e5 24. Qf3 Kg7 25. Ra1 Nd4 26. Nxd4 exd4 27. Ba3 Rd7 28. Bb2 Qc5 29. Rfb1 Rf7 30. Ba3 Qc6 31. Rb5 f5 32. Bb2 fxe4 33. Qe3 Kg8 34. Qxd4 Bg7 35. Qxe4 Qxe4 36. dxe4 Bxb2 37. Rxb2 Rc7 38. Ra4 Rbc8 39. Rbb4 Kg7 40. Kf1 Kf6 41. Rxb6 Ke5 42. c5 Rxc5 43. f4+ Ke6 44. Kg2 h5 45. e5 Rd5 46. Raa6 Rc2+ 47. Kh3 Rcd2 48. Rxd6+ Rxd6 49. exd6 Rxd6 50. Rxd6+ Kxd6 51. Kh4 Ke6 52. Kg5 Kf7 53. h4 Kg7 54. f5 gxf5 55. Kxf5 Kh6 56. Kf6 1-0